Entree libre 1
Σκηνές από τη ζωή στη Γαλλία
Αποθηκεύτηκε σε:
| Μορφή: | Βίντεο VHS |
|---|---|
| Γλώσσα: | French |
| Δημοσίευση: |
Paris :
Cle International,
[1984]
|
| Θέματα: | |
| Ετικέτες: |
Προσθήκη ετικέτας
Δεν υπάρχουν, Καταχωρήστε ετικέτα πρώτοι!
|
MARC
| LEADER | 00000 gm a2200000 i 4500 | ||
|---|---|---|---|
| 001 | 1/41662 | ||
| 007 | vf cbuho | ||
| 008 | 070227m19841989fr freod | ||
| 035 | |l 10087145 | ||
| 040 | |a GR-MY-UA |b gre |e aacr | ||
| 041 | 0 | |a fre | |
| 082 | 0 | |a 448 | |
| 245 | 1 | 0 | |a Entree libre 1 |h [μαγνητοσκόπηση] / |c distribue par: CLE International |
| 260 | |a Paris : |b Cle International, |c [1984] | ||
| 300 | |a 4 βιντεοκασέτες ; |b εγχρ.; |c 1/2 ιν. | ||
| 505 | 0 | |a Μέρ.A. Emissions 1-4. - μέρ.B. Emissions 5-8. - μέρ.C. Emissions 9-12. - μέρ.R. Reportages et chansons 1 a 12. | |
| 520 | |a Σκηνές από τη ζωή στη Γαλλία | ||
| 538 | |a VHS format | ||
| 650 | 0 | 0 | |a French language |x Study and teaching |x Audio-visual aids. |
| 651 | 0 | |a France |x Description and travel. | |
| 710 | 2 | |a CLE international (Paris, France) |4 dst | |
| 740 | 0 | 2 | |a Emissions |
| 740 | 0 | 2 | |a Reportages et chansons |
| 852 | |a INST |b RHODES |c AV |e 20070227 |h 448 ENT |p 005400026886 |q 005400026886 |t VC |y 23 |z Μέρος.1 | ||
| 852 | |a INST |b RHODES |c AV |e 20070227 |h 448 ENT |p 005400026887 |q 005400026887 |t VC |y 23 |z Μέρος.2 | ||
| 852 | |a INST |b RHODES |c AV |e 20070227 |h 448 ENT |p 005400026888 |q 005400026888 |t VC |y 23 |z Μέρος.3 | ||
| 852 | |a INST |b RHODES |c AV |e 20070227 |h 448 ENT |p 005400026889 |q 005400026889 |t VC |y 23 |z Μέρος.4 | ||
| 852 | |a INST |b RHODES |c AV |e 20070227 |h 448 ENT |p 005400026886 |q 005400026886 |t VC |v Μ΄ερος.1: |y 23 |z Μέρος.1 | ||
| 852 | |a INST |b RHODES |c AV |e 20070227 |h 448 ENT |p 005400026887 |q 005400026887 |t VC |v Μ΄ερος.2: |y 23 |z Μέρος.2 | ||
| 852 | |a INST |b RHODES |c AV |e 20070227 |h 448 ENT |p 005400026888 |q 005400026888 |t VC |v Μ΄ερος.3: |y 23 |z Μέρος.3 | ||
| 852 | |a INST |b RHODES |c AV |e 20070227 |h 448 ENT |p 005400026889 |q 005400026889 |t VC |v Μ΄ερος.4: |y 23 |z Μέρος.4 | ||
| 853 | |a INST |b RHODES |c AV |h 448 ENT | ||
| 901 | |a BIBL4-2007-1 | ||
| 909 | |a Ρ |b 026246 | ||
| 909 | |a Ρ |b 026247 | ||
| 909 | |a Ρ |b 026248 | ||
| 909 | |a Ρ |b 026268 | ||
| 970 | |a ΚΟΖΑ |b ΜΑΡΙΑ |z 2007/02/27 | ||